000 00282nam a22001337a 4500
008 181102b xxu||||| |||| 00| 0 eng d
020 _a0023613602
041 _aeng
080 _a610
100 _a4
101 _aSHM
245 _aClinical Ethics
_cJonsen,A.R
942 _2udc
_cBK
999 _c51619
_d51619